Using the track record approach : the key to successful personnel selection /

Bibliographic Details
Main Author: Dailey, Charles Alvin, 1923-
Format: Book
Language:English
Published: New York, N.Y. : AMACOM, [1982]
Subjects:

MARC

Tag First Indicator Second Indicator Subfields
LEADER 00000pam a2200000 a 4500
001 in00000088271
005 20151008063119.0
008 820423s1982 nyua b 00110 eng
010 |a  81069371  
020 |a 0814456952 
035 |a (OCoLC)08431544 
035 |9 AAK1607AM 
039 0 |a 2  |b 3  |c 3  |d 3  |e 3 
040 |a DLC  |c DLC  |d TXA  |d UtOrBLW 
049 |a TXAM  |c [388644] 
050 0 0 |a HF5549.5 S38  |b  D34 1982 
082 0 |a 658.3/112  |2 19 
100 1 |a Dailey, Charles Alvin,  |d 1923- 
245 1 4 |a Using the track record approach :  |b the key to successful personnel selection /  |c Charles A. Dailey. 
264 1 |a New York, N.Y. :  |b AMACOM,  |c [1982] 
264 4 |c ©1982 
300 |a 169 pages :  |b illustrations ;  |c 24 cm. 
336 |a text  |b txt  |2 rdacontent 
337 |a unmediated  |b n  |2 rdamedia 
338 |a volume  |b nc  |2 rdacarrier 
500 |a Includes index. 
504 |a Bibliography: page 161. 
650 0 |a Employee selection. 
999 |a MARS 
999 f f |s 8cd792f2-d1f7-38fe-b7bd-41b61a537527  |i 0022d3e3-2981-3ca5-9a71-ac3d01824502  |t 0 
952 f f |p ric  |a Texas A&M University  |b Rellis Campus  |c Joint Library Facility  |d Remote Storage  |t 0  |e HF5549.5 S38 D34 1982  |h Library of Congress classification  |i unmediated -- volume  |m A14805974861 
998 f f |a HF5549.5 S38 D34 1982  |t 0  |l Remote Storage